Statistics for Top 10 Least Corrupt American Countries

Click here to take the quiz!

General Stats

  • This quiz has been taken 82 times
  • The average score is 7 of 10

Answer Stats

ScoreCountry% Correct
81Canada
100%
71United States
99%
67Chile
72%
65Bahamas
66%
68Barbados
63%
56Costa Rica
63%
55Saint Lucia
58%
70Uruguay
54%
57Dominica
52%
58Saint Vincent and
the Grenadines
51%

Score Distribution

Percentile by Number Answered

Percent of People with Each Score

Your Score History

You have not taken this quiz